Monuments les plus connus dans le monde n°4 - Statistiques

Statistiques générales
  • Ce quiz a été pris 62 fois
  • Le résultat moyen est 2 sur 15
Statistiques - réponses
Par images Réponse % Correct
London Eye
66%
Château de Chenonceau
54%
Space Needle
14%
Arc de Titus
11%
Statue de l'Unité
5%
Tour du Ciel
4%
Ángel de la Independencia
2%
Cathédrale d'Holy Ghost
2%
Mémorial du Martyr
2%
Pilier de fer de Delhi
2%
Saint-Georges-de-la-Mine
2%
Site archéologique de Newgrange
2%
Arche de la neutralité
0%
Fort de Nizwa
0%
Site d'Isimila Stone Age
0%
Aucun quiz correspondant
Distribution des résultats
% des personnes avec chaque résultat
Percentile par nombre de réponses
Votre historique - résultats
Vous n’avez pas pris ce quiz